Bordering Countries by Flag #12 - Statistics

General Stats
  • This quiz has been taken 102 times
  • The average score is 5 of 5
Answer Stats
Country % Correct
Cambodia
100%
Myanmar
100%
Vietnam
100%
China
99%
Thailand
98%
No matching quizzes found
Score Distribution
Percent of People with Each Score
Percentile by Number Answered
Your Score History
You have not taken this quiz